000 00610nam a22001577a 4500
005 20240530110334.0
008 140826s1986 ua aeg 000 0 ara d
040 _aEG-CaGPL
082 0 4 _221
_a624.16
_bأ أ
100 0 _aاسامة مصطفى الشافعى
245 1 2 _aالاساسات :
_bتجهيز الموقع - الاساسات العتيقة - ترميم الاساسات /
_cاسامة مصطفى الشافعى
_nالجزء الثانى
260 _aالقاهرة :
_bدار الراتب الجامعية ،
_c1986
300 _a336 ص ؛
_c24 سم
650 _2الاساسات
942 _2ddc
_cBK
999 _c59759
_d59759